000 00501nam a22001457a 4500
008 160804b xxu||||| |||| 00| 0 eng d
020 _a9789966471505
050 _aPL8702.M326 2008
100 _aMatei, Assumpta K.
_924589
245 _aDarubini ya sarufi
_b:ufafanuzi kamili wa sarufi ya Kiswahili : maswali na mazoezi
_c/Assumpta K. Matei
260 _aNairobi
_bPhoenix Publishers
_c2008
300 _aviii, 304p. ;
_c21cm.
650 _aSwahili language
_xGrammar
_921432
942 _2lcc
_cMONOGRAPH
999 _c124844
_d124844